000 00495 a2200205 4500
001 140068
003 OSt
005 20260120172827.0
008
020 _a9780074633113
082 _a519.4
_bB18N
100 1 _aBalagurusamy, E.
245 1 _aNumerical methods
_cby E. Balagurusamy
260 _aNew Delhi
_bMcGraw Hill
_c2013
300 _a608p.
546 _aenglish
650 _aMathematics
653 _aNumerical analysis
942 _2ddc
_cBK
999 _c20681
_d20681